[Event "Druzynowe Mistrzostwa Polski Juniorow 2018 - II Liga"]
[Site "Szczyrk"]
[Date "1899-12-30"]
[Round "7.6"]
[White "Slusarczyk, Milena"]
[Black "Bienko, Jagoda"]
[Result "0-1"]
[WhiteTitle "I+"]
[BlackTitle "I"]
[WhiteElo "1422"]
[BlackElo "1436"]

1. e4 c5 2. Nf3 d6 3. d4 cxd4 4. Nxd4 Nf6 5. Nc3 a6 6. f4 Nc6 7. Nf3 e6 8. Bd3
Be7 9. a4 O-O 10. O-O b6 11. Qe1 Bb7 12. Qg3 Nb4 13. e5 Ne8 14. exd6 Nxd6 15.
Be3 Nxd3 16. cxd3 Nf5 17. Qf2 Bxf3 18. Qxf3 Nxe3 19. Rf2 Bc5 20. Kh1 Nf5 21. Rd2
Nd4 22. Qd1 Bb4 23. Rf2 Bxc3 24. bxc3 Nf5 25. Rd2 Rc8 26. Rc1 Qd5 27. Qg1 Qc6
28. Rb2 Rb8 29. Rb4 Rb7 30. Qe1 Rd8 31. Qe2 Qd5 32. d4 a5 33. Rb5 Qc6 34. Re1
Rd5 35. c4 Rxb5 36. cxb5 Qd7 37. Qe4 Ne7 38. Rc1 Rc7 39. Qa8+ Qc8 40. Qxc8+ Rxc8
41. Rxc8+ Nxc8 0-1

[Event "Druzynowe Mistrzostwa Polski Juniorow 2018 - II Liga"]
[Site "Szczyrk"]
[Date "1899-12-30"]
[Round "7.7"]
[White "Norek, Bartosz"]
[Black "Klepek, Witold"]
[Result "0-1"]
[WhiteTitle "I"]
[BlackTitle "k+"]
[WhiteElo "1784"]
[BlackElo "2076"]

1. e4 e6 2. Qe2 c5 3. g3 Nc6 4. Nf3 Be7 5. Bg2 d5 6. d3 Nf6 7. O-O O-O 8. e5 Nd7
9. c4 dxc4 10. dxc4 Qc7 11. Bf4 Rd8 12. Nc3 Nf8 13. Rfe1 Ng6 14. Qe3 Nd4 15. Rac1
Nf5 16. Qe4 Bd7 17. Ne2 Bc6 18. Qc2 Rd7 19. h4 Rad8 20. h5 Nxf4 21. Nxf4 Bxf3
22. Bxf3 Rd2 23. Qc3 Bg5 24. Be4 Bxf4 25. gxf4 Qe7 26. Rc2 Rd1 27. Re2 Qh4 28.
Bxf5 exf5 29. e6 Qg4+ 30. Kf1 Qxh5 31. exf7+ Qxf7 32. Qf3 Qxc4 33. Kg2 Rxe1 34.
Rxe1 b6 35. Re7 Qxa2 36. Qc3 Qd5+ 37. Kh2 Qd4 38. Qf3 Qxb2 39. Qe3 Qf6 40. Re8+
Rxe8 41. Qxe8+ Qf8 42. Qd7 Kh8 43. Qxa7 Qd8 44. Qf7 Qc8 45. Qc4 h6 46. Kg3 Kh7
47. f3 Qc6 48. Qd3 c4 49. Qc2 c3 50. Kh2 Qc5 0-1

[Event "Druzynowe Mistrzostwa Polski Juniorow 2018 - II Liga"]
[Site "Szczyrk"]
[Date "1899-12-30"]
[Round "7.8"]
[White "Burzak, Wojciech"]
[Black "Hryn, Zofia"]
[Result "1/2-1/2"]
[WhiteTitle "I"]
[BlackTitle "I++"]
[WhiteElo "1749"]
[BlackElo "1668"]

1. e4 c6 2. Nf3 g6 3. d4 Bg7 4. Be2 d6 5. Nc3 Nd7 6. Be3 Qc7 7. Qd2 Ngf6 8. Bh6
O-O 9. h4 Re8 10. Bxg7 Kxg7 11. h5 Nf8 12. hxg6 fxg6 13. Qh6+ Kg8 14. Ng5 e5 15.
dxe5 dxe5 16. Bc4+ Be6 17. Nxe6 Nxe6 18. O-O-O b5 19. Bxe6+ Rxe6 20. Qh3 Ree8
21. Qe3 b4 22. Na4 Qf7 23. Kb1 Red8 24. f3 Qe7 25. Qb3+ Kg7 26. Qc4 Rxd1+ 27.
Rxd1 Rd8 28. Rxd8 Qxd8 29. b3 Qd2 30. Qxc6 Qd1+ 31. Kb2 Qd4+ 32. Kc1 Qg1+ 33.
Kb2 Qd4+ 1/2-1/2

[Event "Druzynowe Mistrzostwa Polski Juniorow 2018 - II Liga"]
[Site "Szczyrk"]
[Date "1899-12-30"]
[Round "7.9"]
[White "Wielgus, Wojciech"]
[Black "Kozubek, Krystian"]
[Result "0-1"]
[WhiteTitle "I"]
[BlackTitle "II"]
[WhiteElo "1652"]
[BlackElo "1386"]

1. d4 d5 2. c4 e6 3. Nc3 dxc4 4. e4 c6 5. a4 Nd7 6. Nf3 h6 7. Bxc4 Ngf6 8. O-O
Be7 9. h3 O-O 10. Be3 Bb4 11. Qc2 Re8 12. Bd3 e5 13. dxe5 Nxe5 14. Nxe5 Rxe5 15.
f4 Re8 16. Rae1 Bxc3 17. bxc3 b6 18. c4 c5 19. e5 Nd7 20. Be4 Rb8 21. Rd1 Bb7
22. Bd5 Qe7 23. Qf5 Nf8 24. Rd2 Ne6 25. Rfd1 Rbd8 26. Qe4 Rd7 27. f5 Nd8 28. Bf4
Kh8 29. Bxb7 Rxd2 30. Rxd2 Nxb7 31. Rd5 Kg8 32. Qd3 Rd8 33. Kh2 Kf8 34. g3 Ke8
35. Kg2 Rd7 36. Kf3 Nd8 37. Ke4 Nc6 38. Rxd7 Qxd7 39. Qd5 Nd4 40. g4 Qxa4 41.
Qa8+ Ke7 42. Qb7+ Qd7 43. Qa6 Qc6+ 44. Kd3 Qf3+ 45. Be3 Qd1+ 46. Bd2 Qb3+ 47.
Bc3 Qc2+ 48. Ke3 Qe2+ 49. Kf4 Qf3# 0-1

[Event "Druzynowe Mistrzostwa Polski Juniorow 2018 - II Liga"]
[Site "Szczyrk"]
[Date "1899-12-30"]
[Round "7.10"]
[White "Gradalski, Olaf"]
[Black "Warchol, Kamil"]
[Result "0-1"]
[WhiteTitle "II"]
[BlackTitle "CM"]
[WhiteElo "1224"]
[BlackElo "1540"]

1. e4 e5 2. Nf3 Nc6 3. Bc4 Bc5 4. c3 Nf6 5. d4 exd4 6. cxd4 Bb4+ 7. Bd2 Bxd2+ 8.
Nbxd2 d5 9. exd5 Nxd5 10. O-O O-O 11. Ne5 Nxd4 12. Nb3 Nxb3 13. Bxd5 Qf6 14. Bxf7+
Rxf7 15. Nxf7 Nxa1 16. Nd8 Qd6 17. Qa4 Qxd8 18. Rxa1 Qe7 19. Kf1 Be6 20. h3 a6
21. Qe4 c6 22. Re1 Re8 23. a3 Kh8 24. Kg1 Qf7 25. Qb4 b5 26. Qd6 Bd5 27. Rxe8+
Qxe8 28. Qb4 h6 29. Qc5 Qe4 30. Qf8+ Kh7 31. f3 Qd4+ 32. Kh2 Qxb2 33. Qf5+ Kh8
34. Qc8+ Bg8 35. Qxc6 Qxa3 36. f4 Qe3 37. Qxa6 Qxf4+ 38. Kg1 b4 39. Qb5 Qd4+ 40.
Kh2 b3 41. Qb8 b2 42. Qb5 Qf4+ 43. Kh1 Qc1+ 44. Kh2 0-1

[Event "Druzynowe Mistrzostwa Polski Juniorow 2018 - II Liga"]
[Site "Szczyrk"]
[Date "1899-12-30"]
[Round "7.11"]
[White "Hryn, Aleksandra"]
[Black "Gredka, Dominika"]
[Result "1-0"]
[WhiteTitle "I"]
[BlackTitle "I++"]
[WhiteElo "1643"]
[BlackElo "1794"]

1. e4 c5 2. Be2 d6 3. f4 Nf6 4. d3 e6 5. Nf3 Be7 6. c3 Nc6 7. Na3 a6 8. Nc2 b5
9. O-O O-O 10. a3 Qc7 11. Qe1 d5 12. e5 Ne8 13. d4 cxd4 14. Ncxd4 Nxd4 15. cxd4
f5 16. Bd2 Bd7 17. Rc1 Qb7 18. h3 Rc8 19. Qf2 Rxc1 20. Rxc1 Qb6 21. Qe1 Qb7 22.
Bb4 Bxb4 23. Qxb4 g6 24. Qa5 h6 25. h4 Bc6 26. Qc3 Bd7 27. Nd2 Kh7 28. Nb3 Rg8
29. Nc5 Qa7 30. Qa5 Bc8 31. Bxb5 Qb8 32. Bxa6 Qxb2 33. Qc3 Qb8 34. Bxc8 Qxc8 35.
a4 Ng7 36. Kf2 Nh5 37. g3 g5 38. hxg5 hxg5 39. Rh1 Kh6 40. Qf3 g4 41. Qb3 Rg7
42. Qb6 Re7 43. a5 Kg6 44. a6 Ng7 45. a7 Rc7 46. Ra1 Rc6 47. Qxc6 Qxc6 48. Qa8
Qb5 49. Qa2 Qb4 50. Rd1 1-0

[Event "Druzynowe Mistrzostwa Polski Juniorow 2018 - II Liga"]
[Site "Szczyrk"]
[Date "1899-12-30"]
[Round "7.12"]
[White "Jureczko, Anna"]
[Black "Kieca, Aleksandra"]
[Result "0-1"]
[WhiteTitle "II+"]
[BlackTitle "I"]
[WhiteElo "1204"]
[BlackElo "1458"]

1. e4 c5 2. c3 d5 3. exd5 Qxd5 4. d4 Nc6 5. Nf3 Bf5 6. Be2 Nf6 7. Be3 cxd4 8. cxd4
Bxb1 9. Qxb1 e6 10. O-O Be7 11. a3 O-O 12. Qd3 Qd6 13. Rac1 Nd5 14. Bg5 Bxg5 15.
Nxg5 Nf6 16. Nf3 Rfd8 17. Rfd1 h6 18. h3 Nd5 19. Qb5 Rab8 20. Qc5 a6 21. Bxa6
bxa6 22. Qxc6 Rxb2 23. Qxd6 Rxd6 24. Rc8+ Kh7 25. Rdc1 Rb3 26. Ra1 Nf4 27. Rc7
f6 28. Rc2 Nxh3+ 29. gxh3 Rxf3 30. Kg2 Rd3 31. Rc7 R6xd4 32. Rg1 Rd7 33. Rc6 R3d6
34. Rc3 e5 35. Kh2 Rd2 36. Rg2 Ra2 37. Rcg3 g5 38. h4 Kg6 39. hxg5 hxg5 40. Rf3
Rh7+ 41. Kg3 Rh4 42. Rg1 Ra4 43. Re1 R2xa3 44. Ree3 Rxe3 45. Rxe3 a5 46. Rf3 Rb4
47. Ra3 a4 48. Kg2 e4 49. Kf1 f5 50. Kg2 g4 51. Kf1 Kg5 52. Kg2 f4 53. Kf1 f3
54. Kg1 Kf4 55. Kh2 Rc4 56. Kg1 g3 57. fxg3+ Kxg3 0-1

[Event "Druzynowe Mistrzostwa Polski Juniorow 2018 - II Liga"]
[Site "Szczyrk"]
[Date "1899-12-30"]
[Round "7.13"]
[White "Lis, Mateusz"]
[Black "Hrymowicz, Artur"]
[Result "0-1"]
[WhiteTitle "k"]
[BlackTitle "I++"]
[WhiteElo "2102"]
[BlackElo "2123"]

1. e4 c5 2. Nf3 d6 3. d4 cxd4 4. Nxd4 Nf6 5. Nc3 a6 6. Be3 e6 7. a4 Be7 8. Be2
O-O 9. O-O Qc7 10. f4 Nc6 11. Kh1 Na5 12. Qd3 Bd7 13. Rae1 Rac8 14. Bf3 Nc4 15.
Bc1 g6 16. b3 Na5 17. Bb2 Nc6 18. Nxc6 Bxc6 19. f5 Bd7 20. Re2 Ne8 21. g4 Bf6
22. Nd1 exf5 23. gxf5 Bxb2 24. Nxb2 b5 25. Rg1 Qc3 26. Qxc3 Rxc3 27. Bg2 bxa4
28. bxa4 Ra3 29. Ree1 Bxa4 30. Ra1 Rxa1 31. Rxa1 Bxc2 32. Rxa6 gxf5 33. exf5 Bxf5
34. Ra5 Be6 35. Ra6 Kg7 36. Bf3 Rg8 37. Kg2 Kf8+ 38. Kf2 Rg5 39. Ra8 Rc5 40. Nd3
Rc2+ 41. Kg3 Ke7 42. Nf4 Rc7 43. Ra3 Ng7 44. Be4 h6 45. Re3 Rc5 46. Ra3 d5 47.
Bd3 Kf6 48. Kf3 Nf5 49. Ra1 Rc3 50. Ke2 Ke5 51. Kd2 Rb3 52. Ne2 Nd4 53. Nxd4 Kxd4
54. Ra4+ Ke5 55. Rh4 d4 56. Rxh6 Rb2+ 57. Kc1 Rf2 58. h4 f5 59. Kd1 Bd5 60. Ke1
Rh2 61. Rh5 Be4 62. Bxe4 Kxe4 63. Rh8 f4 64. h5 Ke3 65. Kf1 d3 66. Kg1 d2 67.
Re8+ Kf3 68. Rd8 Re2 69. h6 Re1+ 0-1

[Event "Druzynowe Mistrzostwa Polski Juniorow 2018 - II Liga"]
[Site "Szczyrk"]
[Date "1899-12-30"]
[Round "7.14"]
[White "Jordan, Adam"]
[Black "Bachor, Tomasz"]
[Result "0-1"]
[WhiteTitle "I"]
[BlackTitle "I"]
[WhiteElo "1830"]
[BlackElo "1844"]

1. d4 Nf6 2. Nf3 g6 3. c4 Bg7 4. Nc3 O-O 5. e4 d6 6. Be2 Nbd7 7. O-O e5 8. d5 Nc5
9. Qc2 a5 10. Be3 b6 11. Ne1 Nfd7 12. Nd3 f5 13. f3 Nxd3 14. Bxd3 f4 15. Bf2 g5
16. a3 g4 17. fxg4 Qg5 18. Be2 Nf6 19. h3 Qg6 20. Bf3 h5 21. gxh5 Nxh5 22. Qd1
Nf6 23. Kh2 Bd7 24. Rh1 Kf7 25. Kg1 Rh8 26. Kf1 Ng4 27. Bg1 Ke7 28. Ke2 Raf8 29.
Qd3 Rh4 30. Kd1 Bh6 31. Kc2 Ne3+ 32. Kb3 Bg5 33. Bf2 Rhh8 34. Ka2 a4 35. Rag1
Qf7 36. Nd1 Nxd1 37. Qxd1 Bh4 38. Rf1 b5 39. Bxh4+ Rxh4 40. Qc2 bxc4 41. Qxc4
c6 42. Rc1 cxd5 43. Qxd5 Be6 44. Rc7+ Kf6 45. Rxf7+ Kxf7 46. Qxe6+ Kxe6 47. Bg4+
Ke7 48. Rc1 Ra8 49. Rc7+ Kf6 50. Rc6 Ke7 51. Rc7+ Kf6 52. Rc6 Ke7 53. Rc7+ Kf8
54. Be6 Rh6 55. Bd5 Rd8 56. Rf7+ Ke8 57. Rg7 Rf6 58. Rh7 Rc8 59. Rh8+ Kd7 60.
Rh7+ Kd8 61. Rh8+ Kc7 62. Rh7+ Kb6 63. Rb7+ Ka6 64. Rb4 Rc2 65. Rxa4+ Kb5 66.
Rb4+ Kc5 67. Kb3 Rxg2 68. Rc4+ Kb6 69. Rc6+ Ka7 70. a4 f3 71. a5 f2 72. Rc7+ Kb8
0-1

[Event "Druzynowe Mistrzostwa Polski Juniorow 2018 - II Liga"]
[Site "Szczyrk"]
[Date "1899-12-30"]
[Round "7.15"]
[White "Karwacki, Piotr"]
[Black "Kozlowski, Michal"]
[Result "0-1"]
[WhiteTitle "I"]
[BlackTitle "I"]
[WhiteElo "1828"]
[BlackElo "1742"]

1. d4 d5 2. Nf3 Nf6 3. e3 e6 4. Bd3 Be7 5. Nbd2 Nbd7 6. b3 b6 7. Bb2 Bb7 8. O-O
O-O 9. Ne5 c5 10. f4 Ne4 11. f5 Bg5 12. Qe2 Nxd2 13. Qxd2 Nxe5 14. dxe5 d4 15.
Qe2 Bxe3+ 16. Kh1 Qd5 17. fxe6 fxe6 18. Rxf8+ Rxf8 19. Rf1 Rxf1+ 20. Qxf1 Qxe5
21. Qe2 Bf4 22. Qxe5 Bxe5 23. Bc1 g6 24. Bc4 Kf7 25. Bg5 Be4 26. Bd3 Bxd3 27.
cxd3 Bf6 28. Bd2 e5 29. Kg1 Ke6 30. Kf2 Kd5 31. Kf3 b5 32. g4 Be7 33. g5 c4 34.
bxc4+ bxc4 35. dxc4+ Kxc4 36. Ke4 Bb4 37. Bc1 d3 38. Kxe5 d2 39. Bxd2 Bxd2 40.
Kf6 Kb4 41. Kg7 Bxg5 42. Kxh7 Bf4 43. h4 g5 44. h5 g4 0-1

[Event "Druzynowe Mistrzostwa Polski Juniorow 2018 - II Liga"]
[Site "Szczyrk"]
[Date "1899-12-30"]
[Round "7.16"]
[White "Strepikowski, Pawel"]
[Black "Furgal, Grzegorz"]
[Result "1-0"]
[WhiteTitle "II"]
[BlackTitle "II"]
[WhiteElo "1487"]
[BlackElo "1409"]

1. e4 e6 2. d4 d5 3. e5 c5 4. c3 Nc6 5. Nf3 Qb6 6. Bd3 Nh6 7. dxc5 Bxc5 8. O-O
Ng4 9. Qe2 Bd7 10. h3 Nh6 11. b4 Be7 12. Bf4 d4 13. b5 Na5 14. cxd4 Nf5 15. Bd2
Rc8 16. Bc3 O-O 17. g4 Nh4 18. Nxh4 Bxh4 19. Qe4 g6 20. a4 Nc4 21. Bb4 Rfe8 22.
Bc5 Qc7 23. Bxc4 b6 24. Bxb6 axb6 25. Bb3 Ra8 26. Ra2 Rec8 27. Qf4 Be7 28. g5
Qb7 29. h4 Kg7 30. f3 Rf8 31. Nd2 Rac8 32. Ne4 Qc7 33. Rh2 Rce8 34. h5 Rd8 35.
Nf6 Qc3 36. hxg6 1-0

[Event "Druzynowe Mistrzostwa Polski Juniorow 2018 - II Liga"]
[Site "Szczyrk"]
[Date "1899-12-30"]
[Round "7.17"]
[White "Cebula, Alicja"]
[Black "Daliga, Anita"]
[Result "1-0"]
[WhiteTitle "I"]
[BlackTitle "I+"]
[WhiteElo "1583"]
[BlackElo "1605"]

1. e4 c6 2. d4 d5 3. e5 Bf5 4. Nf3 e6 5. Be2 Nd7 6. O-O c5 7. c3 h6 8. a3 Ne7 9.
b4 c4 10. Be3 Nc6 11. Nbd2 Be7 12. Ne1 a5 13. b5 Na7 14. a4 b6 15. f4 Nf8 16.
Bg4 Bxg4 17. Qxg4 g6 18. Qe2 h5 19. Nef3 Nh7 20. h3 Kd7 21. Ng5 Qg8 22. h4 f6
23. exf6 Bxf6 24. Ndf3 Nxg5 25. fxg5 Bg7 26. Ne5+ Bxe5 27. dxe5 Qg7 28. Bxb6 Nc8
29. Qe3 Qe7 30. Bc5 Qe8 31. Qf4 Ne7 32. Bxe7 Qxe7 33. Qf7 Rhf8 34. Qxg6 Qc5+ 35.
Kh1 Rf2 36. Qh7+ Kc8 37. Qg8+ Kb7 38. Qxe6 Qe3 39. Qc6+ Kb8 40. Qd6+ Kc8 41. b6
Qg3 42. Qc7# 1-0

[Event "Druzynowe Mistrzostwa Polski Juniorow 2018 - II Liga"]
[Site "Szczyrk"]
[Date "1899-12-30"]
[Round "7.18"]
[White "Filipiak, Magdalena"]
[Black "Mroz, Lena"]
[Result "0-1"]
[WhiteTitle "I"]
[BlackTitle "I++"]
[WhiteElo "1231"]
[BlackElo "1566"]

1. e4 c5 2. c3 d5 3. exd5 Qxd5 4. d4 Nf6 5. Nf3 e6 6. Bb5+ Bd7 7. Bxd7+ Nbxd7 8.
O-O Be7 9. Bf4 O-O 10. Nbd2 Rfe8 11. Re1 Rad8 12. Qc2 a6 13. a3 Rc8 14. Rad1 cxd4
15. Nxd4 Qxd4 16. Ne4 Qb6 17. Nd6 Bxd6 18. Rxd6 Rc6 19. Red1 e5 20. Be3 Qc7 21.
Rxc6 Qxc6 22. b4 Rc8 23. Rc1 Qc4 24. f3 Nd5 25. Bd2 Nf4 26. Bxf4 Qxf4 27. c4 Qe3+
28. Kh1 Qxa3 29. Qd2 Nf6 30. Rd1 h6 31. c5 a5 32. bxa5 Qxc5 33. Ra1 Ra8 34. h3
Qd4 35. Qc1 Nd7 36. Qa3 Qc5 37. Qa4 Nb6 38. Qa2 Nd5 39. Qb2 Qc3 40. Qxc3 Nxc3
41. Kg1 Ne2+ 42. Kf2 Nd4 43. Ra2 Nc6 44. Ke3 Rxa5 45. Rxa5 Nxa5 46. Kd3 f5 47.
g3 Kf7 48. Kc3 Ke6 49. Kb4 Nc6+ 50. Kb5 Nd4+ 51. Kb6 Nxf3 52. Kxb7 e4 53. Kc6
e3 54. Kc5 e2 0-1

[Event "Druzynowe Mistrzostwa Polski Juniorow 2018 - II Liga"]
[Site "Szczyrk"]
[Date "1899-12-30"]
[Round "7.19"]
[White "Twardowski, Hubert"]
[Black "Kukula, Karol"]
[Result "0-1"]
[WhiteTitle "I"]
[BlackTitle "I"]
[WhiteElo "1728"]
[BlackElo "1741"]

1. e4 c5 2. Nf3 e6 3. d4 cxd4 4. Nxd4 Nf6 5. Nc3 Nc6 6. Ndb5 Bb4 7. Bf4 Nxe4 8.
Qf3 d5 9. Nc7+ Kf8 10. O-O-O Nxc3 11. bxc3 Ba3+ 12. Kb1 e5 13. c4 Qxc7 14. Qxa3+
Qe7 15. Qxe7+ Kxe7 16. cxd5 exf4 17. dxc6 bxc6 18. Bc4 Rb8+ 19. Kc1 Be6 20. Bxe6
fxe6 21. Rd4 g5 22. Re4 Kf6 23. Rhe1 Rhe8 24. Rc4 Rbc8 25. Rd1 c5 26. f3 Rc6 27.
Rd7 Re7 28. Rd8 h6 29. Kd2 Rb7 30. Kc1 Rb4 31. Rxb4 cxb4 32. Rh8 Kg6 33. Rb8 Rc4
34. Rb7 a5 35. Rb5 a4 36. Kd2 Rd4+ 37. Ke2 Kf6 38. Ra5 a3 39. Rc5 h5 40. h3 e5
41. c3 bxc3 42. Rxc3 Ra4 43. Rb3 Kf5 44. Rc3 g4 45. h4 g3 46. Kd2 Rb4 47. Rc2
Rb2 48. Rxb2 axb2 49. Kc2 e4 50. fxe4+ Kxe4 51. a4 f3 0-1

[Event "Druzynowe Mistrzostwa Polski Juniorow 2018 - II Liga"]
[Site "Szczyrk"]
[Date "1899-12-30"]
[Round "7.20"]
[White "Tustanowski, Mateusz"]
[Black "Sulima, Franciszek"]
[Result "1-0"]
[WhiteTitle "I++"]
[BlackTitle "II"]
[WhiteElo "2078"]
[BlackElo "1281"]

1. e4 c5 2. Nf3 d6 3. d4 cxd4 4. Nxd4 Nf6 5. Nc3 e6 6. g4 h6 7. h4 Nc6 8. Rg1 Nd7
9. g5 hxg5 10. Bxg5 Qb6 11. Be3 Qd8 12. h5 Nf6 13. Be2 e5 14. Nb3 Be6 15. Bg5
Qd7 16. Qd2 O-O-O 17. O-O-O Be7 18. Bxf6 gxf6 19. Nd5 f5 20. Bb5 fxe4 21. Na5
Rxh5 22. Nxc6 b6 23. Ba6+ Qb7 1-0

[Event "Druzynowe Mistrzostwa Polski Juniorow 2018 - II Liga"]
[Site "Szczyrk"]
[Date "1899-12-30"]
[Round "7.21"]
[White "Trzebinski, Patryk"]
[Black "Pisarek, Elzbieta"]
[Result "1-0"]
[WhiteTitle "I"]
[BlackTitle "I"]
[WhiteElo "1779"]
[BlackElo "1498"]

1. e4 c5 2. Nf3 e6 3. d4 cxd4 4. Nxd4 Nf6 5. Nc3 Nc6 6. Ndb5 Bb4 7. Bf4 O-O 8.
Bd6 Bxd6 9. Nxd6 Ne8 10. Be2 Nxd6 11. Qxd6 Qe7 12. Qxe7 Nxe7 13. O-O-O a6 14.
Na4 b5 15. Nc5 d5 16. exd5 exd5 17. Bf3 Rd8 18. Rhe1 Ra7 19. Bxd5 Nxd5 20. Rxd5
Rf8 21. Rde5 Rc7 22. Nd3 Be6 23. Nb4 Rfc8 24. c3 a5 25. Nd5 Rb7 26. Nf4 Bd7 27.
Nd3 Rbc7 28. Nf4 Rb7 29. Nd5 Be6 30. f4 Kf8 31. f5 Bxd5 32. Rxd5 b4 33. Re3 a4
34. Kc2 a3 35. b3 Rbc7 36. c4 Rc5 37. Ree5 Rxd5 38. Rxd5 Rb8 39. c5 Rc8 40. Kd3
Ke7 41. Kc4 Rb8 42. c6 Rc8 43. Kb5 Rb8+ 44. Ka6 Rc8 45. Kb7 Rf8 46. c7 1-0

[Event "Druzynowe Mistrzostwa Polski Juniorow 2018 - II Liga"]
[Site "Szczyrk"]
[Date "1899-12-30"]
[Round "7.22"]
[White "Pisarek, Jan"]
[Black "Dembicki, Karol"]
[Result "1/2-1/2"]
[WhiteTitle "II"]
[BlackTitle "II"]
[WhiteElo "1339"]
[BlackElo "1457"]

1. e4 c5 2. Nf3 e6 3. d4 cxd4 4. Nxd4 Nf6 5. Nc3 d6 6. Be2 Be7 7. Be3 a6 8. O-O
b5 9. a3 Bb7 10. Bd3 Nbd7 11. f4 Nc5 12. e5 dxe5 13. fxe5 Nd5 14. Nxd5 Qxd5 15.
Nf3 O-O 16. Qe2 Nxd3 17. Qxd3 Qxd3 18. cxd3 Rfd8 19. d4 Rac8 20. Rac1 Bxf3 21.
gxf3 b4 22. axb4 Bxb4 23. b3 h6 24. Rc4 a5 25. Rfc1 Rxc4 26. Rxc4 Kh7 27. Kf2
Kg6 28. Ke2 Rd7 29. Bd2 Rb7 30. Bxb4 axb4 31. Kf2 Kf5 32. Kg3 g5 33. h4 gxh4+
34. Kxh4 Kf4 35. d5+ Kxe5 36. dxe6 fxe6 37. Kh5 Kf5 38. Kxh6 e5 39. Re4 Rb8 40.
Kg7 Rb7+ 41. Kh6 Rb8 42. Kg7 Rb7+ 43. Kh6 Rb8 44. Kg7 Rb7+ 45. Kh6 1/2-1/2

[Event "Druzynowe Mistrzostwa Polski Juniorow 2018 - II Liga"]
[Site "Szczyrk"]
[Date "1899-12-30"]
[Round "7.23"]
[White "Filipska, Maja"]
[Black "Wojcik, Jagoda"]
[Result "1-0"]
[WhiteTitle "I++"]
[BlackTitle "I++"]
[WhiteElo "1569"]
[BlackElo "1599"]

1. e4 c5 2. Nf3 Nc6 3. d4 cxd4 4. Nxd4 g6 5. Be3 Bg7 6. Nc3 Nf6 7. Bc4 O-O 8. Bb3
d6 9. f3 Bd7 10. Qd2 a6 11. O-O-O b5 12. h4 Ne5 13. h5 b4 14. Nd5 a5 15. hxg6
Nxg6 16. Bh6 Bh8 17. Bxf8 Qxf8 18. Qh6 Qxh6+ 19. Rxh6 a4 20. Nxf6+ Bxf6 21. Bd5
Rc8 22. Kb1 e6 23. Bb7 Rc4 24. Ne2 Be7 25. Ba6 Rc7 26. Rdh1 Bf6 27. Rxh7 Ne5 28.
R7h6 Bg7 29. R6h2 Ra7 30. Bd3 b3 31. Rd1 bxc2+ 32. Kxc2 Nxd3 33. Rxd3 Bb5 34.
Rd2 Rb7 35. g3 Bc4 36. Nc3 d5 37. exd5 exd5 38. Rh4 d4 39. Rdxd4 Bxd4 40. Rxd4
Rc7 41. Rd8+ Kg7 42. Ra8 Bxa2 43. Rxa4 Bd5 44. f4 f5 45. Kd3 Be6 46. Ra1 Bb3 47.
Ra5 Kg6 48. Nd5 Rb7 49. Ne3 Be6 50. Kc2 Bb3+ 51. Kc3 Be6 52. b4 Kf6 53. Re5 Rb8
54. b5 Rb7 55. Kb4 Bd7 56. Ka5 Be6 57. b6 Bd7 58. Nc4 Bc6 59. Rc5 Bg2 60. Nd6
Rb8 61. Rc8 Rxc8 62. Nxc8 Kg6 63. Ne7+ Kf6 64. Nc8 Kg6 65. Kb5 Kh5 66. Kc5 Kg4
67. Kd4 Kxg3 68. Ke5 Kg4 69. Nd6 Bf3 70. b7 1-0

[Event "Druzynowe Mistrzostwa Polski Juniorow 2018 - II Liga"]
[Site "Szczyrk"]
[Date "1899-12-30"]
[Round "7.24"]
[White "Bialek, Alicja"]
[Black "Skolska, Emilia"]
[Result "1-0"]
[WhiteTitle "I"]
[BlackTitle "I"]
[WhiteElo "1308"]
[BlackElo "1157"]

1. e4 e5 2. Nf3 Nc6 3. Nc3 Nf6 4. Bb5 Bb4 5. O-O O-O 6. Re1 d6 7. Bxc6 bxc6 8.
h3 Re8 9. Qe2 Bxc3 10. dxc3 Rb8 11. b3 Qe7 12. c4 Nd7 13. Bb2 Nb6 14. c5 Na4 15.
cxd6 cxd6 16. Ba3 Nc3 17. Qc4 Nb5 18. Bb2 Qb7 19. a4 Nc7 20. Rad1 Be6 21. Qd3
Red8 22. Nxe5 f6 23. Nc4 Bxc4 24. Qxc4+ Kh8 25. Qf7 Na6 26. Qxb7 Rxb7 27. e5 fxe5
28. Rxe5 d5 29. Rde1 Rbb8 30. Re7 Kg8 31. Rxa7 Nc5 32. Rxg7+ Kf8 33. Rxh7 Kg8
34. Ree7 Kf8 35. Rc7 1-0

[Event "Druzynowe Mistrzostwa Polski Juniorow 2018 - II Liga"]
[Site "Szczyrk"]
[Date "1899-12-30"]
[Round "7.26"]
[White "Radecki, Adam"]
[Black "Musial, Tomasz"]
[Result "1/2-1/2"]
[WhiteTitle "I"]
[BlackTitle "k"]
[WhiteElo "1702"]
[BlackElo "2029"]

1. e4 e6 2. d3 d5 3. Nd2 c5 4. g3 Nc6 5. Bg2 g6 6. Ngf3 Bg7 7. O-O Nge7 8. c3 O-O
9. Re1 b6 10. Qc2 Bb7 11. Nh4 d4 12. c4 Qc7 13. f4 e5 14. f5 Bf6 15. Ndf3 Kg7
16. Qd2 Ng8 17. g4 h6 18. g5 hxg5 19. Nxg5 Qe7 20. Nhf3 Bxg5 21. Nxg5 Nf6 22.
Bh3 Rh8 23. Qg2 Bc8 24. Rf1 Bd7 25. fxg6 Bxh3 26. Nxh3 fxg6 27. Bg5 Raf8 28. Rf3
Qe6 29. Raf1 Nd7 30. Bd2 Rxf3 31. Rxf3 Nf6 32. Ng5 Qd7 33. Qg3 Nh5 34. Qg2 Nd8
35. Kh1 Qa4 36. b3 Qd7 37. a4 Nf6 38. Rg3 Nh5 39. Rh3 Ne6 40. Nxe6+ Qxe6 41. Rf3
Nf6 42. Bg5 Ng4 43. h3 1/2-1/2

[Event "Druzynowe Mistrzostwa Polski Juniorow 2018 - II Liga"]
[Site "Szczyrk"]
[Date "1899-12-30"]
[Round "7.27"]
[White "Wilk, Igor"]
[Black "Piechota, Kamil"]
[Result "0-1"]
[WhiteTitle "I"]
[BlackTitle "II"]
[WhiteElo "1560"]
[BlackElo "1521"]

1. e4 e5 2. Nf3 Nc6 3. Bc4 Bc5 4. c3 Nf6 5. d3 d6 6. O-O Bg4 7. Nbd2 O-O 8. h3
Bh5 9. Re1 a6 10. Bb3 h6 11. Nf1 Bg6 12. Nh4 Bh5 13. Nf3 Bg6 14. d4 exd4 15. cxd4
Bb4 16. Re3 Nxe4 17. Bd5 Re8 18. Bxc6 bxc6 19. a3 Ba5 20. Qa4 Bb6 21. Qxc6 Qf6
22. Ng3 d5 23. Qxd5 Rad8 24. Qc4 Bxd4 25. Nxe4 Bxe4 26. Nxd4 Rxd4 27. Qe2 Qd6
28. f3 Rd1+ 29. Kf2 Qd4 30. fxe4 Rxe4 31. g3 f5 32. Kf3 Rxe3+ 33. Qxe3 Rd3 34.
Bd2 Rxe3+ 35. Bxe3 Qe4+ 36. Kf2 Qc2+ 37. Kf3 Qxb2 38. Rc1 Qb7+ 39. Kf2 Kf7 40.
Rc5 Ke6 41. Ke2 g6 42. Bf4 Qg2+ 43. Kd3 c6 44. h4 g5 45. hxg5 hxg5 46. Bb8 Qf3+
47. Kc4 Qe2+ 48. Kb3 Qe3+ 49. Kc4 Qc1+ 50. Kd4 Qb2+ 51. Kc4 Qxb8 52. Rxc6+ Qd6
53. Rxd6+ Kxd6 54. Kd4 g4 55. Kd3 Kd5 56. Ke3 Ke5 57. Kf2 Kd4 58. Ke2 Ke4 59.
Kf2 Kd3 60. a4 a5 61. Kf1 Ke3 62. Kg2 Ke2 0-1

[Event "Druzynowe Mistrzostwa Polski Juniorow 2018 - II Liga"]
[Site "Szczyrk"]
[Date "1899-12-30"]
[Round "7.28"]
[White "Karwot, Marek"]
[Black "Straczek, Wiktoria"]
[Result "0-1"]
[WhiteTitle "III"]
[BlackTitle "II+"]
[WhiteElo "1000"]
[BlackElo "1240"]

1. e4 c5 2. Nf3 Nc6 3. d4 cxd4 4. Nxd4 g6 5. Be3 Bg7 6. Nc3 Nf6 7. f3 O-O 8. Bc4
Qb6 9. Rb1 d6 10. O-O Qc7 11. Bb3 Bd7 12. Qe2 Nxe4 13. Ndb5 Nxc3 14. Nxc3 Nd4
15. Qd2 Nxb3 16. axb3 Rfc8 17. Bd4 Bxd4+ 18. Qxd4 Qc5 19. Qxc5 Rxc5 20. Rfe1 Be6
21. Rbd1 a6 22. Rd2 Kf8 23. Kf2 Rac8 24. Ree2 b5 25. b4 Rc4 26. Ne4 Bf5 27. Nc3
R8c7 28. Kf1 Be6 29. Kf2 Rxb4 30. Re1 Rxb2 31. Ra1 Rxc3 32. Rxa6 Rcxc2 33. Rxc2
Rxc2+ 34. Kg3 b4 35. Rb6 b3 36. Rb8+ Kg7 37. Rb7 Kf6 38. Rb4 h5 39. h4 b2 40.
Rxb2 Rxb2 41. Kh2 Kf5 42. Kg3 g5 43. hxg5 Kxg5 44. f4+ Kf5 45. Kh2 Kxf4 46. Kg1
Kg3 47. Kf1 Rxg2 48. Ke1 Kf3 49. Kd1 Ke3 50. Kc1 Kd3 51. Kb1 Kc3 52. Ka1 Kb3 53.
Kb1 Rg1# 0-1

[Event "Druzynowe Mistrzostwa Polski Juniorow 2018 - II Liga"]
[Site "Szczyrk"]
[Date "1899-12-30"]
[Round "7.29"]
[White "Pyzio, Amelia"]
[Black "Obrochta, Lena"]
[Result "1-0"]
[WhiteTitle "I++"]
[BlackTitle "I"]
[WhiteElo "1679"]
[BlackElo "1422"]

1. e4 e5 2. Nf3 d6 3. d4 exd4 4. Nxd4 Nf6 5. Nc3 Be7 6. Be2 O-O 7. O-O c6 8. a4
a5 9. Bf4 Na6 10. Re1 Nc5 11. Bf3 Re8 12. h3 Bf8 13. Qd2 Qb6 14. b3 Bd7 15. Re2
Rad8 16. Rae1 g6 17. Nd1 Bc8 18. Nb2 Ne6 19. Be3 Nc5 20. Nc4 Qc7 21. Bg5 Bg7 22.
Nxa5 h6 23. Bh4 g5 24. Bg3 Nfxe4 25. Bxe4 Bxd4 26. Qxd4 Qxa5 27. Bh7+ Kxh7 28.
Rxe8 Rxe8 29. Rxe8 Bd7 30. Qh8+ Kg6 31. Rg8+ Kf5 32. Qh7+ Ke6 33. Qxh6+ 1-0